| 000 | 00551nam a2200217Ia 4500 | ||
|---|---|---|---|
| 003 | OSt | ||
| 005 | 20220928113034.0 | ||
| 006 | a|||||r|||| 00| 0 | ||
| 007 | ta | ||
| 008 | 220927b |||||||| |||| 00| 0 eng d | ||
| 024 | _a38854 | ||
| 037 | _cReference Collections | ||
| 040 |
_aSDCL _cSDCL _beng |
||
| 041 |
_2eng _aeng |
||
| 082 | _aX9n2, N5, M2 RR | ||
| 245 | 0 | _aINDIAN INDUSTRIES, 1982-83. | |
| 260 | _c1982 | ||
| 300 |
_aVarious _ccm. |
||
| 942 |
_hX9n2, N5, M2 RR _cREF _2CC |
||
| 999 |
_c747802 _d747802 |
||